01516cam a2200373 i 450000100090000000300050000900500170001400800410003101000170007202000180008902500230010703700610013003800100019104000230020104200150022405000260023906600110026508200180027610000400029424500860033426400570042030000230047733600260050033700280052633800270055450400570058152000770063854600130071560000710072888000500079988001080084988000920095788000930104918552872NUST20190628062258.0150403s2011 pk b 000 0durd  a 2015327241 a9789698631376 aP-U-2015327241; 15 bLibrary of Congress -- Islamabad Overseas OfficecRs 300 aAzhar aDLCbengerdacDLC alcodeapcc00aPK2200.K864bZ83 2011 c(3c(4 a891.4393bTAJ1 6880-01aTāj, Farzānah,eauthor.106880-02aZuhair Kunjāhī baḥais̲iyat-i nāvilʹnigār /cFarzānah Tāj. 16880-03aRāvalpinḍī :bAnjum Pablisharz,c2011. a118 pages ;c22 cm atextbtxt2rdacontent aunmediatedbn2rdamedia avolumebnc2rdacarrier aIncludes bibliographical references (pages 114-118). aOn the life and works of Zuhair Kunjāhī, 1933-; a noted Urdu author. aIn Urdu.106880-04aKunjāhī, Zuhair,d1933-xCriticism and interpretation.1 6100-01/(3/r‏a‏تاج، فرزانه،‏106245-02/(3/r‏a‏زهير کنجاهى بحيثيت ناول‌نگار /‏c‏فرزانه تاج. 16264-03/(3/r‏a‏راولپنڈى :‏b‏انجم پبلشرز،‏c‏‪2011‬.106600-04/(4/r‏a‏کنجاهى، زهير،‏d‏1933-xCriticism and interpretation.